000
00243nam a2200109Ia 4500
999
_c
9879
_d
9879
020
_a
978-8120337299
100
_a
Sathya Swaroop
245
0
_a
Business Communication
260
_a
New Delhi
_b
Prentice Hall
_c
2002
300
_a
318
942
_c
BK